000
00267nam a22001097a 4500
008
170124b xxu||||| |||| 00| 0 eng d
020
_a
9780323045902
041
_a
eng
080
_a
618.2
245
_a
2007 MOSBY;S NURSING DRUG GUIDE REFERENCE
_c
MOSBY
942
_2
udc
_c
BK
999
_c
3539
_d
3539